[Event "Chigorin Memorial 23rd"]
[Site "St Petersburg"]
[Date "2015.10.03"]
[Round "1"]
[White "Muradyan, Asya"]
[Black "Borisovsky, Dmitry"]
[Result "0-1"]
[WhiteElo "1501"]
[BlackElo "2169"]
[PlyCount "80"]
[EventDate "2015.10.03"]
[EventType "swiss"]
[EventRounds "9"]
[EventCountry "RUS"]
[SourceTitle "CBM 168 Extra"]
[Source "ChessBase"]
[SourceDate "2015.10.29"]
[SourceVersion "1"]
[SourceVersionDate "2015.10.29"]
[SourceQuality "1"]

1. e4 c5 2. Nf3 d6 3. d4 cxd4 4. Nxd4 Nf6 5. Nc3 a6 6. Nb3 e6 7. Be2 Qc7 8. 0-0 b5 9. a3 Bb7 10. Bf3 Nbd7 11. Bf4 Be7 12. Re1 0-0 13. h3 Rac8 14. Qd2 Ne5 15. Bxe5 dxe5 16. Rac1 Rfd8 17. Qe2 Ne8 18. Qf1 Nd6 19. Re2 Nc4 20. Nd1 Bg5 21. Rb1 a5 22. Nc3 a4 23. Nc1 Nd2 24. Qe1 Nxb1 25. Nxb1 Ba6 26. Nd3 b4 27. axb4 Bxd3 28. cxd3 Qb6 29. Qf1 Qxb4 30. Nc3 a3 31. Na2 Qxb2 32. Rxb2 axb2 33. Kh2 Rc1 34. Nxc1 bxc1Q 35. Qxc1 Bxc1 36. Be2 Rb8 37. Kg3 g6 38. f3 Be3 39. Bf1 Rb1 40. Be2 Re1 0-1